书目信息 |
| 题名: |
时代与人性
|
|
| 作者: | 卢广瑞 著 | |
| 分册: | ||
| 出版信息: | 上海 上海音乐学院出版社 2005 |
|
| 页数: | 186页 | |
| 开本: | 23cm | |
| 丛书名: | ||
| 单 册: | ||
| 中图分类: | J627.7 | |
| 科图分类: | ||
| 主题词: | 交响乐--音乐欣赏--中国 , 音乐欣赏 | |
| 电子资源: | ||
| ISBN: | 7-80692-099-4 | |
| 000 | 01052nam0 2200277 45 | |
| 001 | 0900000036243 | |
| 005 | 20060106090850.18 | |
| 010 | @a7-80692-099-4@dCNY22.00 | |
| 092 | @aCN | |
| 100 | @a20050705d2005 ekmy0chiy0120 ea | |
| 101 | 0 | @achi@aeng |
| 102 | @aCN@b310000 | |
| 105 | @aag z 000yy | |
| 200 | 1 | @a时代与人性@9shi dai yu ren xing@e朱践耳交响曲研究@f卢广瑞著@Flu guang rui zhu |
| 210 | @a上海@c上海音乐学院出版社@d2005 | |
| 215 | @a186页@c照片@d23cm | |
| 314 | @a卢广瑞,1983年毕业于包头教育学院中文,英语专业。1987年曾就读中央音乐学院音乐学系。现为中国音乐家协会会员、厦门市音乐家协会常务理事、理论委员会主任等。 | |
| 330 | @a本书内容包括“命运交响曲”,西藏风情:音乐的散文诗篇,探求奥秘:音乐的散文诗篇,探求奥秘:生命与自然,“境外”交响曲等。 | |
| 517 | 1 | @a朱践耳交响曲研究@9zhu jian er jiao xiang qu yan jiu |
| 606 | 0 | @a交响乐@x音乐欣赏@y中国 |
| 606 | 0 | @a音乐欣赏 |
| 690 | @aJ627.7@v4 | |
| 701 | 0 | @a卢广瑞@Alu guang rui@4著 |
| 801 | 0 | @aCN@bCXYBOOK@c20060106 |
| 905 | @a10447@dJ627.7@e134 | |
| 999 | @aAFJ@eJDD | |
| 时代与人性:朱践耳交响曲研究/卢广瑞著.-上海:上海音乐学院出版社,2005 |
| 186页:照片;23cm |
| ISBN 7-80692-099-4:CNY22.00 |
| 本书内容包括“命运交响曲”,西藏风情:音乐的散文诗篇,探求奥秘:音乐的散文诗篇,探求奥秘:生命与自然,“境外”交响曲等。 |
| ● |
| 相关链接 |
|
|
|
|
正题名:时代与人性
索取号:J627.7/134
 
预约/预借
| 序号 | 登录号 | 条形码 | 馆藏地/架位号 | 状态 | 备注 |
| 1 | 0374110 | 203741102 | 第一样本阅览室/ [索取号:J627.7/134] | 在馆 | |
| 2 | 0374111 | 203741111 | 第一借阅区/ [索取号:J627.7/134] | 在馆 | |
| 3 | 0374112 | 203741120 | 第一借阅区/ [索取号:J627.7/134] | 在馆 |